Khát vọng đau đớn

সংরক্ষণ করুন:
গ্রন্থ-পঞ্জীর বিবরন
প্রধান লেখক: Ông Văn Tùng
বিন্যাস: গ্রন্থ
ভাষা:Undetermined
প্রকাশিত: H. Lao động 1997
বিষয়গুলি:
ট্যাগগুলো: ট্যাগ যুক্ত করুন
কোনো ট্যাগ নেই, প্রথমজন হিসাবে ট্যাগ করুন!
Thư viện lưu trữ: Trung tâm Học liệu Trường Đại học Cần Thơ
LEADER 00471nam a2200181Ia 4500
001 CTU_53080
008 210402s9999 xx 000 0 und d
020 |b 23000 
082 |a 895.9223 
082 |b T513 
100 |a Ông Văn Tùng 
245 0 |a Khát vọng đau đớn 
245 0 |c Ông Văn Tùng 
260 |a H. 
260 |b Lao động 
260 |c 1997 
650 |a vietnamese fiction 
980 |a Trung tâm Học liệu Trường Đại học Cần Thơ